Principios de derecho de la hacienda pública / (Registro nro. 5683)
[ vista simple ]
| 000 -LEADER | |
|---|---|
| fixed length control field | 01325nam a2200301Ia 4500 |
| 003 - CONTROL NUMBER IDENTIFIER | |
| control field | OSt |
| 005 - DATE AND TIME OF LATEST TRANSACTION | |
| control field | 20200701163942.0 |
| 008 - FIXED-LENGTH DATA ELEMENTS--GENERAL INFORMATION | |
| fixed length control field | 191128s2009 ck fr 001 0 spa d |
| 020 ## - INTERNATIONAL STANDARD BOOK NUMBER | |
| International Standard Book Number | 9789583507298 |
| 040 ## - CATALOGING SOURCE | |
| Original cataloging agency | CO-JMCR |
| Transcribing agency | CO-JMCR |
| 041 1# - LANGUAGE CODE | |
| Language code of text/sound track or separate title | spa |
| Language code of original | ita |
| 082 04 - DEWEY DECIMAL CLASSIFICATION NUMBER | |
| Classification number | 336.0026 / |
| Item number | A111p |
| Edition number | 23 |
| 100 1# - MAIN ENTRY--PERSONAL NAME | |
| Personal name | Abbamonte, Giuseppe, |
| Relator term | autor |
| 9 (RLIN) | 6404 |
| 245 10 - TITLE STATEMENT | |
| Title | Principios de derecho de la hacienda pública / |
| Statement of responsibility, etc. | Giuseppe Abbanomte ; traducido del Italiano por Sandra Cardona ; revisión a cargo de Daniele Davide Panteghini |
| 260 ## - PUBLICATION, DISTRIBUTION, ETC. | |
| Place of publication, distribution, etc. | Bogotá : |
| Name of publisher, distributor, etc. | Temis, |
| Date of publication, distribution, etc. | 2009 |
| 300 ## - PHYSICAL DESCRIPTION | |
| Extent | xxv, 231 páginas ; |
| Dimensions | 23 cm. |
| 490 0# - SERIES STATEMENT | |
| Series statement | Derecho de la hacienda pública. Obras fundamentales ; |
| Volume/sequential designation | 4 |
| 500 ## - GENERAL NOTE | |
| General note | Incluye índice de autores. |
| 505 0# - FORMATTED CONTENTS NOTE | |
| Formatted contents note | La actividad financiera del estado -- La ciencia de las finanzas del estado y el derecho de la Hacienda Pública -- Relación entre el derecho de la Hacienda pública y las otras ramas del derecho -- Los principios constitucionales de la actividad financiera |
| 534 ## - ORIGINAL VERSION NOTE | |
| Introductory phrase | Principi di diritto finanziario |
| 546 ## - LANGUAGE NOTE | |
| Language note | Traducido del italiano |
| 650 14 - SUBJECT ADDED ENTRY--TOPICAL TERM | |
| Topical term or geographic name entry element | Rentas públicas |
| 9 (RLIN) | 722 |
| 650 14 - SUBJECT ADDED ENTRY--TOPICAL TERM | |
| Topical term or geographic name entry element | Hacienda pública |
| 9 (RLIN) | 6405 |
| 650 14 - SUBJECT ADDED ENTRY--TOPICAL TERM | |
| Topical term or geographic name entry element | Derecho fiscal |
| 9 (RLIN) | 6406 |
| 700 1# - ADDED ENTRY--PERSONAL NAME | |
| Personal name | Cardona, Sandra, |
| Relator term | traductora |
| 9 (RLIN) | 6407 |
| 700 1# - ADDED ENTRY--PERSONAL NAME | |
| Personal name | Panteghini, Daniele Davide, |
| Relator term | revisora |
| 9 (RLIN) | 6408 |
| 942 ## - ADDED ENTRY ELEMENTS (KOHA) | |
| Source of classification or shelving scheme | Dewey Decimal Classification |
| Koha item type | Books |
| Withdrawn status | Lost status | Source of classification or shelving scheme | Damaged status | Not for loan | Collection code | Home library | Current library | Date acquired | Source of acquisition | Cost, normal purchase price | Total Checkouts | Full call number | Barcode | Date last seen | Date last checked out | Copy number | Koha item type |
|---|---|---|---|---|---|---|---|---|---|---|---|---|---|---|---|---|---|
| Dewey Decimal Classification | Non-fiction | Biblioteca Pública José María del Castillo y Rada | Biblioteca Pública José María del Castillo y Rada | 04/15/2018 | Donación | 0.00 | 2 | 336.0026 / A111p | 430003835 | 06/12/2025 | 06/11/2025 | Ej.1 | Books |